[Event "Jerusalem Japhet Memorial op 3rd"]
[Site "Jerusalem"]
[Date "2016.07.14"]
[Round "6"]
[White "Vaisberg, Michael"]
[Black "Kaspi, Alexander"]
[Result "1/2-1/2"]
[WhiteElo "2182"]
[BlackElo "2434"]
[PlyCount "95"]
[EventDate "2016.07.10"]
[EventType "swiss"]
[EventRounds "7"]
[EventCountry "ISR"]
[SourceTitle "CBM 173 Extra"]
[Source "ChessBase"]
[SourceDate "2016.08.29"]
[SourceVersion "1"]
[SourceVersionDate "2016.08.29"]
[SourceQuality "1"]

1. d4 Nf6 2. Nf3 b6 3. g3 Bb7 4. Bg2 c5 5. c3 e6 6. 0-0 Be7 7. b3 0-0 8. Bb2 d5 9. Ne5 Nfd7 10. Nxd7 Nxd7 11. Nd2 Rc8 12. c4 Bf6 13. cxd5 exd5 14. Rc1 Re8 15. Re1 Nf8 16. Nf3 Ne6 17. Qd2 Rc7 18. e3 c4 19. bxc4 dxc4 20. e4 Nc5 21. dxc5 Qxd2 22. Nxd2 Bxb2 23. Rxc4 bxc5 24. Rb1 Bf6 25. Rbc1 Be7 26. e5 Bc8 27. R4c3 Be6 28. Bf1 g5 29. Bc4 Bf5 30. Nf1 Rd8 31. Rf3 Bg6 32. Ne3 Bf8 33. Nd5 Rb7 34. Rb3 Rbb8 35. f4 gxf4 36. gxf4 Bh6 37. Rf1 Rxb3 38. axb3 Kf8 39. f5 Bh5 40. e6 Bg5 41. Re1 fxe6 42. fxe6 Kg7 43. e7 Rc8 44. Re5 Kh6 45. Re6+ Kg7 46. Re5 Kh6 47. Re6+ Kg7 48. Re5 1/2-1/2

[Event "Jerusalem Japhet Memorial op 3rd"]
[Site "Jerusalem"]
[Date "2016.07.13"]
[Round "5"]
[White "Bottema, Martin"]
[Black "Vaisberg, Michael"]
[Result "0-1"]
[WhiteElo "2108"]
[BlackElo "2182"]
[PlyCount "54"]
[EventDate "2016.07.10"]
[EventType "swiss"]
[EventRounds "7"]
[EventCountry "ISR"]
[SourceTitle "CBM 173 Extra"]
[Source "ChessBase"]
[SourceDate "2016.08.29"]
[SourceVersion "1"]
[SourceVersionDate "2016.08.29"]
[SourceQuality "1"]

1. e4 e6 2. d4 d5 3. Bd3 dxe4 4. Bxe4 Nf6 5. Bf3 Be7 6. Ne2 0-0 7. 0-0 c5 8. Nbc3 Nc6 9. Be3 cxd4 10. Nxd4 Ne5 11. Ndb5 a6 12. Qxd8 Nxf3+ 13. gxf3 Rxd8 14. Nc7 Rb8 15. Ba7 Bd7 16. Bxb8 Rxb8 17. Ne4 Rc8 18. Nxa6 bxa6 19. c3 Nd5 20. Rfd1 Bb5 21. Rd2 f5 22. Ng3 Nf4 23. Re1 Kf7 24. Rd4 g5 25. a4 Bc6 26. Rc4 Nh3+ 27. Kf1 Bb5 0-1

[Event "Jerusalem Japhet Memorial op 3rd"]
[Site "Jerusalem"]
[Date "2016.07.11"]
[Round "2"]
[White "Vaisberg, Michael"]
[Black "Milikow, Yoav"]
[Result "1-0"]
[WhiteElo "2182"]
[BlackElo "1938"]
[PlyCount "119"]
[EventDate "2016.07.10"]
[EventType "swiss"]
[EventRounds "7"]
[EventCountry "ISR"]
[SourceTitle "CBM 173 Extra"]
[Source "ChessBase"]
[SourceDate "2016.08.29"]
[SourceVersion "1"]
[SourceVersionDate "2016.08.29"]
[SourceQuality "1"]

1. d4 Nf6 2. c4 e6 3. g3 Bb4+ 4. Bd2 a5 5. Bg2 c5 6. Nf3 Nc6 7. a3 Bxd2+ 8. Qxd2 cxd4 9. Nxd4 Qb6 10. Nb5 0-0 11. N1c3 a4 12. 0-0 d5 13. cxd5 exd5 14. Nd6 Be6 15. Qf4 Ne7 16. Qb4 Qa6 17. Nxb7 Rfb8 18. Qxe7 Rxb7 19. Qc5 Rc8 20. Qd4 Rc4 21. Qd2 Rd7 22. Rfc1 Qb6 23. Nd1 d4 24. Rxc4 Bxc4 25. Rc1 Qe6 26. e3 d3 27. Qb4 Rc7 28. Qxa4 Ne8 29. Bh3 Bb3 30. Qa8 Bd5 31. Bxe6 Bxa8 32. Rxc7 Nxc7 33. Bf5 d2 34. Bc2 Bf3 35. Nc3 Kf8 36. Bd1 Bc6 37. f3 Ne6 38. Kf2 Ke7 39. Ke2 Ng5 40. e4 f5 41. h4 Ne6 42. Kxd2 fxe4 43. Nxe4 Nd4 44. Ke3 Nf5+ 45. Kf4 g6 46. b4 Nd4 47. Ke5 Nf5 48. g4 Nxh4 49. a4 Ng2 50. b5 Ba8 51. a5 Ne3 52. Bb3 h5 53. gxh5 gxh5 54. a6 h4 55. b6 h3 56. b7 h2 57. Nf2 Ng4+ 58. fxg4 Bxb7 59. axb7 h1R 60. Nxh1 1-0

[Event "EU-ch 16th"]
[Site "Jerusalem"]
[Date "2015.03.03"]
[Round "7"]
[White "Bronstein, Or"]
[Black "Vaisberg, Michael"]
[Result "0-1"]
[WhiteElo "1944"]
[BlackElo "2136"]
[PlyCount "138"]
[EventDate "2015.02.24"]
[EventType "swiss"]
[EventRounds "11"]
[EventCountry "ISR"]
[SourceTitle "CBM 166"]
[Source "ChessBase"]
[SourceDate "2015.05.11"]
[SourceVersion "1"]
[SourceVersionDate "2015.05.11"]
[SourceQuality "1"]

1. e4 e6 2. d4 d5 3. Nd2 Nc6 4. Ngf3 Nf6 5. e5 Nd7 6. Be2 f6 7. exf6 Qxf6 8. Nf1 Bd6 9. Ne3 0-0 10. 0-0 Ne7 11. c4 c6 12. c5 Bc7 13. Rb1 e5 14. b4 Ng6 15. Bb2 e4 16. Ne1 Qg5 17. Bc1 Nf4 18. Kh1 Nf6 19. g3 Nxe2 20. Qxe2 Qg6 21. Rb3 Bh3 22. N1g2 Ng4 23. f4 exf3 24. Rxf3 Rxf3 25. Qxf3 Rf8 26. Nf4 Nxe3 27. Rxe3 Qc2 28. Re1 Bf5 29. Kg1 Be4 30. Qb3 Qxb3 31. axb3 Rf6 32. Bd2 h6 33. Ne2 Bc2 34. Nc1 Kf7 35. Rf1 g5 36. Rxf6+ Kxf6 37. Kf2 Kf5 38. Kf3 Bd1+ 39. Ke3 Kg4 40. Nd3 Bxb3 41. Nf2+ Kf5 42. g4+ Kf6 43. h3 Bf4+ 44. Ke2 Bc4+ 45. Ke1 Bg3 46. Be3 Ke7 47. Bc1 Kd7 48. Be3 Kc7 49. Bd2 b6 50. Bc3 Kb7 51. Bb2 Ka6 52. Bc3 Kb5 53. Bd2 Bd3 54. cxb6 axb6 55. Be3 Kxb4 56. Kd2 Bf1 57. Nd3+ Bxd3 58. Kxd3 Kb3 59. Bd2 b5 60. Ba5 b4 61. Bd8 Ka2 62. Bf6 b3 63. Bg7 b2 64. Bxh6 Bh4 65. Bf8 b1Q+ 66. Ke2 Qe4+ 67. Kd1 Qd3+ 68. Kc1 Kb3 69. Bb4 Qc2# 0-1

[Event "EU-ch 16th"]
[Site "Jerusalem"]
[Date "2015.03.02"]
[Round "6"]
[White "Vaisberg, Michael"]
[Black "Petenyi, Tamas"]
[Result "0-1"]
[WhiteElo "2136"]
[BlackElo "2428"]
[PlyCount "116"]
[EventDate "2015.02.24"]
[EventType "swiss"]
[EventRounds "11"]
[EventCountry "ISR"]
[SourceTitle "CBM 166"]
[Source "ChessBase"]
[SourceDate "2015.05.11"]
[SourceVersion "1"]
[SourceVersionDate "2015.05.11"]
[SourceQuality "1"]

1. d4 Nf6 2. c4 g6 3. Nc3 Bg7 4. e4 d6 5. Nf3 0-0 6. Be2 c6 7. 0-0 Nbd7 8. Qc2 e5 9. Rd1 exd4 10. Nxd4 Re8 11. Bg5 Qe7 12. f3 Nc5 13. Qd2 Nfxe4 14. fxe4 Bxd4+ 15. Qxd4 Qxg5 16. Qxd6 Qe3+ 17. Kh1 Nxe4 18. Nxe4 Qxe4 19. Bd3 Qe5 20. Qb4 Bg4 21. Rf1 Rad8 22. Rae1 Qc7 23. Qc3 Rxe1 24. Rxe1 Qd6 25. Re3 Be6 26. Qe1 Qd4 27. b3 Kg7 28. h3 Qb2 29. Re2 Qf6 30. Re3 Qd4 31. Kh2 a5 32. Qe2 a4 33. bxa4 Ra8 34. Re4 Qd6+ 35. Kh1 Rxa4 36. Qb2+ Kg8 37. Re3 Ra3 38. Qe2 Qd4 39. Rxe6 fxe6 40. Qxe6+ Kf8 41. Qc8+ Kg7 42. Qxb7+ Kh6 43. Bf1 Qf2 44. Qb1 Rxa2 45. Kh2 Qf4+ 46. Kg1 Qd4+ 47. Kh2 Ra1 48. Qd3 Qxd3 49. Bxd3 Kg5 50. Be4 c5 51. Bd5 Kf4 52. g3+ Ke3 53. h4 Kf2 54. g4 h6 55. g5 h5 56. Kh3 Ra3+ 57. Kh2 Rg3 58. Be6 Kf3 0-1

[Event "EU-ch 16th"]
[Site "Jerusalem"]
[Date "2015.02.24"]
[Round "1"]
[White "Potkin, Vladimir"]
[Black "Vaisberg, Michael"]
[Result "1-0"]
[WhiteElo "2605"]
[BlackElo "2136"]
[PlyCount "67"]
[EventDate "2015.02.24"]
[EventType "swiss"]
[EventRounds "11"]
[EventCountry "ISR"]
[SourceTitle "CBM 166"]
[Source "ChessBase"]
[SourceDate "2015.05.11"]
[SourceVersion "1"]
[SourceVersionDate "2015.05.11"]
[SourceQuality "1"]

1. d4 d5 2. c4 c6 3. Nc3 e6 4. Nf3 f5 5. Bf4 Nf6 6. e3 Be7 7. Be2 0-0 8. 0-0 Ne4 9. h3 Nd7 10. Qc2 Ndf6 11. Ne5 Bd7 12. Rab1 Be8 13. c5 g5 14. Bh2 Nd7 15. Nxe4 fxe4 16. b4 Nxe5 17. Bxe5 a6 18. a4 Bf6 19. Bd6 Rf7 20. b5 axb5 21. axb5 Rg7 22. bxc6 bxc6 23. Rb6 Rga7 24. Rfb1 Qd7 25. Qd1 Qf7 26. Rb8 Kg7 27. Qb3 Kg6 28. Rxa8 Rxa8 29. f3 exf3 30. Bxf3 Qa7 31. Bg4 Qa3 32. Qc2+ Kg7 33. Rb7+ Bf7 34. Rxf7+ 1-0

[Event "Jerusalem Japhet Memorial op 2nd"]
[Site "Jerusalem"]
[Date "2014.07.17"]
[Round "2"]
[White "Vaisberg, Michael"]
[Black "Yerushalmi, Eran"]
[Result "1-0"]
[WhiteElo "2122"]
[BlackElo "1902"]
[PlyCount "118"]
[EventDate "2014.07.16"]
[EventType "swiss"]
[EventRounds "9"]
[EventCountry "ISR"]
[SourceTitle "CBM 161 Extra"]
[Source "ChessBase"]
[SourceDate "2014.08.29"]
[SourceVersion "1"]
[SourceVersionDate "2014.08.29"]
[SourceQuality "1"]

1. d4 e6 2. c4 d5 3. Nf3 c5 4. cxd5 exd5 5. g3 Nc6 6. Bg2 Nf6 7. 0-0 Be7 8. Nc3 0-0 9. dxc5 d4 10. Nb5 Bxc5 11. Bg5 a6 12. Na3 h6 13. Bxf6 Qxf6 14. Nd2 Bxa3 15. bxa3 Bf5 16. Qb3 Qe7 17. Rfe1 Rfd8 18. Rac1 Be6 19. Qb2 Bd5 20. Bxd5 Rxd5 21. a4 Rad8 22. Nf3 Ne5 23. Nxe5 Rxe5 24. Qd2 Qd7 25. Rc4 h5 26. Rd1 Rd5 27. Qf4 Qd6 28. Qxd6 R8xd6 29. Rc8+ Kh7 30. Rc7 Rd7 31. Rxd7 Rxd7 32. Kg2 Kg6 33. Kf3 Kf5 34. Rc1 d3 35. e4+ Ke5 36. Ke3 g5 37. f4+ gxf4+ 38. gxf4+ Ke6 39. Rd1 Rc7 40. Rxd3 Rc2 41. Rd2 Rc3+ 42. Rd3 Rc2 43. f5+ Ke7 44. Rd2 Rc4 45. Rb2 Rxa4 46. Rxb7+ Kf6 47. Kf4 Kg7 48. Rb2 Kf6 49. h4 Kg7 50. Re2 Kf6 51. Rg2 a5 52. Rb2 Kg7 53. Ke5 Rc4 54. Rg2+ Kh6 55. Kd5 Rb4 56. e5 Rb5+ 57. Kd6 Rb6+ 58. Ke7 Rb7+ 59. Kf6 Rb4 1-0

[Event "Jerusalem Japhet Memorial op 2nd"]
[Site "Jerusalem"]
[Date "2014.07.16"]
[Round "1"]
[White "Huzman, Alexander"]
[Black "Vaisberg, Michael"]
[Result "1-0"]
[WhiteElo "2589"]
[BlackElo "2122"]
[PlyCount "115"]
[EventDate "2014.07.16"]
[EventType "swiss"]
[EventRounds "9"]
[EventCountry "ISR"]
[SourceTitle "CBM 161 Extra"]
[Source "ChessBase"]
[SourceDate "2014.08.29"]
[SourceVersion "1"]
[SourceVersionDate "2014.08.29"]
[SourceQuality "1"]

1. Nf3 Nf6 2. c4 c5 3. Nc3 g6 4. d4 cxd4 5. Nxd4 Bg7 6. e4 d6 7. Be2 0-0 8. 0-0 Nc6 9. Be3 Bd7 10. Qd2 Ng4 11. Bxg4 Bxg4 12. Nd5 Rc8 13. b3 Re8 14. h3 Be6 15. Rad1 Bxd5 16. exd5 Nxd4 17. Bxd4 Bxd4 18. Qxd4 Qa5 19. Rd2 e5 20. dxe6 Rxe6 21. Rfd1 Rce8 22. Qf4 Qe5 23. Qf3 b6 24. Rd5 Qb2 25. Rxd6 Rxd6 26. Rxd6 Qxa2 27. Rd7 Qa1+ 28. Kh2 Rf8 29. Qe3 h5 30. g3 Kg7 31. Kg2 Kg8 32. g4 hxg4 33. hxg4 Kg7 34. Qf4 Qc3 35. Rxa7 Qxb3 36. Qd4+ Kg8 37. Rb7 Rc8 38. Rxf7 Kxf7 39. Qd7+ Kf6 40. Qxc8 Qb4 41. Qd8+ Kf7 42. Qd5+ Kg7 43. Qe6 Qb3 44. Qe5+ Kh7 45. Qc7+ Kg8 46. Qc8+ Kg7 47. Qb7+ Kg8 48. c5 Qe6 49. Qb8+ Kg7 50. cxb6 Qxg4+ 51. Qg3 Qe4+ 52. Qf3 Qe5 53. b7 Qg5+ 54. Kh3 Qh6+ 55. Kg3 Qg5+ 56. Qg4 Qe5+ 57. Qf4 Qc3+ 58. Kh2 1-0

[Event "Maccabiah op"]
[Site "Jerusalem"]
[Date "2013.07.25"]
[Round "7"]
[White "Vaisberg, Michael"]
[Black "Levitan, Yuliya"]
[Result "1-0"]
[WhiteElo "2057"]
[BlackElo "2220"]
[PlyCount "93"]
[EventDate "2013.07.21"]
[EventType "swiss"]
[EventRounds "9"]
[EventCountry "ISR"]
[SourceTitle "EXT 2014"]
[Source "ChessBase"]
[SourceDate "2013.11.20"]
[SourceVersion "1"]
[SourceVersionDate "2013.11.20"]
[SourceQuality "1"]

1. d4 d5 2. c4 e6 3. Nc3 Be7 4. Bf4 Nf6 5. e3 0-0 6. Nf3 Nbd7 7. Bg3 c5 8. cxd5 exd5 9. dxc5 Nxc5 10. Be2 Nce4 11. 0-0 Nxc3 12. bxc3 Ne4 13. Qb3 Nxg3 14. hxg3 Qa5 15. Rfd1 Bf6 16. Rac1 Be6 17. Nd4 Bxd4 18. Rxd4 Rac8 19. Ra4 Qc7 20. Rxa7 d4 21. c4 dxe3 22. Qxe3 Bd5 23. Bf3 Bc6 24. Qb3 Ra8 25. Rxa8 Rxa8 26. Rb1 Bxf3 27. gxf3 g6 28. Rb2 Ra5 29. Re2 Qd7 30. Re4 Rc5 31. Qe3 Ra5 32. Re8+ Kg7 33. Qc3+ Kh6 34. Qxa5 Qxe8 35. Qd5 Kg7 36. Qxb7 Qe2 37. Qb3 h5 38. c5 Qe7 39. Qc3+ Kh7 40. c6 Qc7 41. Qc4 g5 42. Qd5 Kg6 43. Qd7 Qe5 44. c7 h4 45. c8Q Qe1+ 46. Kg2 h3+ 47. Qxh3 1-0